[Event "Far East Bank op"]
[Site "Manila"]
[Date "1990.06.07"]
[Round "10"]
[White "Djuric, Stefan"]
[Black "Knaak, Rainer"]
[Result "1-0"]
[WhiteElo "2495"]
[BlackElo "2500"]
[Annotator "Knaak,R"]
[PlyCount "59"]
[EventDate "1990.05.28"]
[EventType "swiss"]
[EventRounds "11"]
[EventCountry "PHI"]
[SourceTitle "EXT 2010"]
[Source "ChessBase"]
[SourceDate "2010.11.25"]
[SourceVersion "1"]
[SourceVersionDate "2010.11.25"]
[SourceQuality "1"]

{SCHACH 8-9/1990 Seiten 35-36 Inf 49/343} 1. e4 e6 2. d4 d5 3. Nc3 Nf6 4. Bg5
Bb4 5. e5 h6 6. Bd2 Bxc3 7. Bxc3 Ne4 8. Bd2 Nxd2 9. Qxd2 b6 10. Nf3 O-O 11. h4
c5 12. Rh3 Nc6 13. Rg3 Kh8 14. c3 cxd4 15. cxd4 a5 16. Rc1 Ne7 17. h5 Bd7 18.
Bd3 Rc8 19. Rxc8 Qxc8 {[#]} 20. Ng5 $1 Nc6 $2 21. Nh7 $1 Rd8 22. Bb1 Ne7 (22...
Nxd4 23. Rc3 $1 Nc6 24. Nf6 Qc7 (24... Qb8 25. Nxd7 Rxd7 26. Rxc6 $18) 25. Qc2
Qxe5+ 26. Re3 Qf5 27. Qxf5 exf5 28. Nxd7 $18) 23. Nf6 Bb5 24. Rc3 Qb8 25. g4
Ba6 26. Qc2 g6 27. hxg6 Nxg6 28. Qc1 Kg7 29. Bxg6 Kxg6 30. Qc2+ (30. Qc2+ Kg7
31. Qh7+ Kf8 32. Nd7+ $1) 1-0

[Event "RSFSR-ch"]
[Site "Kuibyshev"]
[Date "1990.??.??"]
[Round "?"]
[White "Shabanov, Yuri"]
[Black "Poluljahov, Aleksandr"]
[Result "1-0"]
[WhiteElo "2375"]
[BlackElo "2415"]
[Annotator "Knaak,R"]
[PlyCount "101"]
[EventDate "1990.??.??"]
[EventType "tourn"]
[EventRounds "15"]
[EventCountry "URS"]
[EventCategory "6"]
[SourceTitle "CBM 021"]
[Source "ChessBase"]
[SourceDate "1991.04.01"]
[SourceVersion "1"]
[SourceVersionDate "1991.04.01"]
[SourceQuality "1"]

1. e4 e6 2. d4 d5 3. Nc3 Nf6 4. Bg5 Bb4 5. e5 h6 6. Bd2 Bxc3 7. bxc3 Ne4 8. Qg4
g6 9. Bd3 Nxd2 10. Kxd2 a6 $6 {Tempoverlust} 11. Qf4 (11. h4 $1) 11... c5 12.
Nf3 cxd4 13. Nxd4 Nc6 14. Rae1 Bd7 15. Qf6 $5 Qxf6 16. exf6 Kd8 17. f4 Nxd4 18.
cxd4 Kc7 19. c3 Kd6 20. h4 h5 $14 {Weiß sollte die Stellung nicht gewinnen
können.} 21. Ra1 Bc6 22. a4 Rac8 23. Rhb1 Kc7 24. a5 Kd6 25. Rb6 Kc7 26. Rab1
Rhg8 27. R1b4 Rgd8 28. Be2 Rd6 29. Ke3 Rcd8 30. Kf2 R6d7 31. g3 Rf8 32. Ke3
Rfd8 33. Bd1 Bb5 34. Be2 Bc6 35. Bf1 Rf8 36. Kd2 Rfd8 37. Kc2 Rf8 38. Kb2 Rfd8
39. Bd3 Rf8 40. Ka3 Ra8 41. Bc2 Rb8 42. Bd3 Ra8 43. Be2 Rad8 44. Kb2 Rf8 45.
Bf3 Bb5 46. c4 $5 dxc4 $4 (46... Bc6) 47. Rxb7+ Kc8 48. R4xb5 $1 axb5 49. Rxd7
Kxd7 50. a6 c3+ 51. Kc2 1-0

[Event "Minsk"]
[Site "Minsk"]
[Date "1996.??.??"]
[Round "10"]
[White "Sulskis, Sarunas"]
[Black "Savchenko, Stanislav"]
[Result "1/2-1/2"]
[WhiteElo "2505"]
[BlackElo "2585"]
[Annotator "Knaak,R"]
[PlyCount "81"]
[EventDate "1996.??.??"]
[EventType "tourn"]
[EventRounds "11"]
[EventCountry "BLR"]
[EventCategory "11"]
[SourceTitle "CBM 054"]
[Source "ChessBase"]
[SourceDate "1996.10.01"]
[SourceVersion "1"]
[SourceVersionDate "1996.10.01"]
[SourceQuality "1"]

1. e4 e6 2. d4 d5 3. Nc3 Nf6 4. Bg5 Bb4 {Die Mac Cutcheon Variante gilt als
nicht ganz vollwertig für Schwarz, aber die Ergebnisse sprechen eine andere
Sprache.} 5. e5 h6 6. Bd2 Bxc3 7. bxc3 Ne4 8. Qg4 g6 9. h4 c5 10. Bd3 Nxd2 11.
Kxd2 Nc6 12. Nf3 (12. Rh3 $2 cxd4 13. cxd4 Qb6 14. Nf3 (14. Ne2 Qb4+ 15. Kd1
Nxe5 $17) 14... Bd7 15. Rhh1 $15) (12. Qf4 $5) 12... Qa5 (12... Qc7 $5 $13) (
12... cxd4 $5 13. cxd4 Bd7 $13) 13. Qf4 {Deckt e5, so daß Weiß auf d4 stets
mit dem Springer wiedernehmen kann.} b6 $5 (13... cxd4 14. Nxd4 Nxd4 15. Qxd4
Bd7 16. Rhb1 $14) 14. h5 (14. Rhb1 Ba6 15. a4 Bxd3 16. cxd3 a6 (16... cxd4 17.
Nxd4 Nxd4 18. Qxd4 $14 {Piskov}) 17. dxc5 Qxc5 18. d4 Qa5 (18... Qc4 19. Rxb6
Rc8 20. Ra3 Qf1 $13 {Piskov}) 19. Kd3 $1 Rc8 20. Qc1 g5 21. Qb2 $1 gxh4 22.
Qxb6 $1 $14 {1/2-1/2 Aseev,K-Piskov,Y/Berlin op 1991 (53)}) 14... gxh5 (14...
g5 {Sieht gewagt aus. Nach} 15. Qf6 Rg8 {steht Weiß am Königsflügel hoch
überlegen, muß aber erst die schwarze Initiative am Damenflügel abwehren,} 16.
Nh2 (16. Bh7 Rf8 17. Qxh6 cxd4 18. Qxg5) 16... cxd4 17. Ng4 Qxc3+ 18. Ke2 Ba6
19. Bxa6 d3+ 20. cxd3 Nd4+ 21. Ke3 Nf5+ 22. Kf3) 15. Rxh5 Ba6 16. Qf6 (16. Bxa6
Qxa6 17. Rxh6 Rxh6 18. Qxh6 O-O-O 19. Qe3 Qa3 20. Qd3 Na5 21. Ke2 Nc4 22. Nd2
Nb2 23. Qb5 Qxc3 24. Rb1 Nc4 25. Nxc4 dxc4 26. Qc6+ Kb8 27. Rxb6+ axb6 28.
Qxb6+ {1/2-1/2 Kovalev,A-Glek,I/BL 9394}) 16... Rf8 17. Bxa6 Qxa6 18. Rxh6 cxd4
19. Nxd4 $6 (19. cxd4 $1 {Scheinbar ist der schwarze Springer deutlich besser
als sein weißer Kollege und der Springertausch zugunsten von Weiß, aber in der
Partie ist der schwache König das Hauptproblem des Weißen und der Springer ist
bekanntlich 'der beste Freund des Königs'.} Qa5+ $1 (19... Rc8 $6 20. Rh8 Nb4 (
20... Qa5+ 21. c3 Ne7 22. Rxf8+ Kxf8 23. Qh6+ $14) 21. Rxf8+ Kxf8 22. Rh1 Rxc2+
23. Ke3 Qd3+ 24. Kf4 Qf5+ 25. Qxf5 exf5 26. a3 Nd3+ 27. Kxf5 Rxf2 28. Kf6 Rxg2
29. Rh8+ Rg8 30. Rxg8+ Kxg8 31. Ng5 $14) 20. c3 Qa3 21. Rc1 Qxa2+ 22. Rc2 Qb1
23. Rh8 Na5 24. Rxf8+ Kxf8 25. c4 $1 Nb3+ 26. Kc3 Na1 $1 27. Qh6+ Kg8 28. Rb2
Qf1 $10 {Analyse mit Hilfe von Fritz}) 19... Nxd4 20. cxd4 Rc8 $15 {Trotz des
Minusbauern hat Schwarz ein wenig bessere Aussichten. Sein eigener König ist
vorerst sicher und das Spiel gegen den weißen König wird wenigstens den Pa2
einbringen. Allerdings ist die Remisbreite noch nicht überschritten.} 21. Rh3 (
21. Qf3 Rc4 22. Qe3 Qa5+ 23. Kc1 Qa4 24. c3 b5 $36) 21... Rc4 22. Rd3 Qa5+ $1
23. c3 (23. Kc1 Qe1+ 24. Kb2 Rxc2+ 25. Kxc2 Qxa1 $15) 23... Qa3 24. Rc1 (24.
Kc2 $6 b5 $17) 24... Qxa2+ 25. Rc2 Qb1 26. Rh3 Qf1 27. Ra2 Rc7 28. Qf3 Rg8 29.
g4 Qb1 30. Rc2 b5 31. Rh1 Qb3 32. Qd3 Rxg4 33. Rh8+ Ke7 34. Rb8 a6 $6 (34...
Qa4 $5 35. Rxb5 (35. Qxb5 $2 Rxd4+ $19) (35. Qf3 $2 Rxd4+ $19) 35... Rxd4 $1
36. cxd4 Rxc2+ 37. Qxc2 Qxb5 38. Qc7+ Qd7 $17) 35. Qf3 $1 Rxd4+ 36. Kc1 Qa3+
37. Kb1 Qb3+ (37... Ra4 38. Qf6+ Kd7 39. Qxf7+ Qe7 40. Qg8 $13) 38. Kc1 Qa3+
39. Kb1 Qb3+ 40. Kc1 Qa3+ 41. Kb1 1/2-1/2

[Event "Stara Zagora zt-B"]
[Site "Stara Zagora"]
[Date "1990.??.??"]
[Round "8"]
[White "Sznapik, Aleksander"]
[Black "Knaak, Rainer"]
[Result "1/2-1/2"]
[WhiteElo "2485"]
[BlackElo "2500"]
[Annotator "Knaak,R"]
[PlyCount "99"]
[EventDate "1990.02.??"]
[EventType "tourn"]
[EventRounds "13"]
[EventCountry "BUL"]
[EventCategory "10"]
[SourceTitle "CBM 017"]
[Source "ChessBase"]
[SourceDate "1990.08.01"]
[SourceVersion "1"]
[SourceVersionDate "1990.08.01"]
[SourceQuality "1"]

1. e4 e6 2. d4 d5 3. Nc3 Nf6 4. Bg5 Bb4 5. e5 h6 6. Bd2 Bxc3 7. bxc3 Ne4 8. Qg4
g6 9. h4 c5 10. Nf3 Nc6 11. Bd3 Nxd2 12. Kxd2 Bd7 13. Qf4 Qe7 14. Rab1 O-O-O
$10 15. dxc5 Qxc5 16. Nd4 f5 $1 17. Rb5 Qe7 18. Rhb1 b6 19. Rxd5 $1 g5 $1 (
19... exd5 $2 20. Ba6+ Kb8 21. e6+ Ka8 22. Qc7 Na5 23. Nc6 $1 Bxc6 24. Qxe7 $18
) 20. Nxc6 (20. Qh2 $13) 20... Bxc6 21. Rxd8+ Rxd8 22. hxg5 hxg5 $44 23. Qc4
Kc7 24. f3 Rd5 25. Re1 $2 (25. Rh1 $10) 25... a5 $1 $17 26. a4 Qc5 27. Qxc5
Rxc5 28. c4 f4 29. Kc3 Bxa4 $19 30. Kd4 Bc6 31. Rh1 a4 32. Ra1 Ra5 33. Ra3 Kd7
34. Ra1 a3 $6 (34... Ke7 $19) 35. Kc3 g4 $6 (35... a2 36. Kb3 Rxe5 37. Rxa2 Ra5
$1 $19) 36. fxg4 Rxe5 37. Rxa3 Bxg2 $2 (37... Ra5 $1 $17) 38. Ra7+ Kd6 39. Rf7
$10 f3 40. Rf4 Rg5 41. Kd2 e5 42. Rf6+ Kc5 43. Ke3 Rxg4 44. Re6 Rg5 45. Rh6 f2
46. Kxf2 Bc6 47. Re6 Bd7 48. Rh6 Rg4 49. Ke3 Bc6 50. Rh5 1/2-1/2

[Event "Hastings 9091"]
[Site "Hastings"]
[Date "1990.12.??"]
[Round "4"]
[White "Chandler, Murray G"]
[Black "King, Daniel J"]
[Result "1-0"]
[WhiteElo "2560"]
[BlackElo "2560"]
[Annotator "Knaak,R"]
[PlyCount "57"]
[EventDate "1990.12.??"]
[EventType "tourn"]
[EventRounds "14"]
[EventCountry "ENG"]
[EventCategory "13"]
[SourceTitle "CBM 022"]
[Source "ChessBase"]
[SourceDate "1991.06.01"]
[SourceVersion "1"]
[SourceVersionDate "1991.06.01"]
[SourceQuality "1"]

1. e4 e6 2. d4 d5 3. Nc3 Nf6 4. Bg5 Bb4 5. exd5 Qxd5 6. Bxf6 gxf6 7. Nge2 Nc6
8. a3 $5 {N} (8. Qd2) 8... Bxc3+ 9. Nxc3 $1 Qxd4 10. Qxd4 Nxd4 11. O-O-O c5 (
11... e5 12. Nd5 O-O $14) 12. Ne4 b6 (12... Ke7 13. Nxc5 e5 14. c3 Ne6 15. Ne4
f5 16. Nd6 Nc5 17. b4 $16) 13. c3 $1 Nf5 (13... Nc6 14. Bb5 $18) 14. g4 Nh4 (
14... Bb7 15. Nxf6+ Ke7 16. Rd7+ Kxf6 17. Rxb7) 15. Nxf6+ Ke7 16. g5 $14 h6 17.
f4 Rb8 18. Bb5 hxg5 19. fxg5 Nf3 $2 (19... Rb7 $5 20. Rd3 (20. Rhe1 $6 Nf3 21.
Bc6 Nxe1 22. Bxb7 Bxb7) 20... Rc7 21. Rhd1 Ng6 $13) 20. h4 $1 $18 Nxh4 21. Ng4
Bb7 (21... Ng6 22. Rxh8 Nxh8 23. Ne5 Bb7 24. Rd7+ Kf8 25. Rc7 Bc8) 22. Rd7+ Kf8
23. Rf1 Nf5 24. Ne5 Rh2 25. Rxf7+ Kg8 26. g6 Kh8 (26... Nd6 27. Nd7) 27. Bd3
Bg2 28. Rg1 Ng7 29. Rf2 1-0

[Event "Bern op"]
[Site "Bern"]
[Date "1992.??.??"]
[Round "5"]
[White "Hebden, Mark"]
[Black "Vaisser, Anatoli"]
[Result "1/2-1/2"]
[WhiteElo "2500"]
[BlackElo "2580"]
[Annotator "Knaak,R"]
[PlyCount "123"]
[EventDate "1992.02.??"]
[EventType "swiss"]
[EventRounds "9"]
[EventCountry "SUI"]
[SourceTitle "CBM 028"]
[Source "ChessBase"]
[SourceDate "1992.06.01"]
[SourceVersion "1"]
[SourceVersionDate "1992.06.01"]
[SourceQuality "1"]

1. e4 e6 2. d4 d5 3. Nc3 Nf6 4. Bg5 Bb4 5. e5 h6 6. Bd2 Bxc3 7. bxc3 Ne4 8. Qg4
g6 9. Bd3 Nxd2 10. Kxd2 c5 11. h4 Qa5 12. Nf3 $1 (12. Rh3 cxd4 13. Bxg6 Qc7 14.
Rf3 $13 {Euwe-Maroczy/Haag/1921}) (12. h5 g5 13. f4 cxd4 14. Nf3 $2 (14. Ke2
$13) 14... dxc3+ $19 {Seirawan-Makarycev/Reykjavik op/1990}) 12... Nc6 13. Qf4
cxd4 (13... b6 14. Rhb1 Ba6 15. a4 Bxd3 16. cxd3 a6 17. dxc5 Qxc5 18. d4 $14 {
Assev-Piskov/Berlin op/1991/i51/281}) 14. Nxd4 Nxd4 15. Qxd4 $14 Bd7 16. Rhb1 {
N} (16. Rab1 b6 17. Qb4 Qxb4 18. cxb4 a6 19. c4 (19. Rhc1 Bb5 20. c4 dxc4 21.
Bxc4 O-O 22. Ke3 Rfd8 23. Rb3 g5 24. hxg5 hxg5 25. g3 $10 {Brunner-Glek/BL
9091/1991}) 19... dxc4 20. Bxc4 Bb5 21. Rbc1 O-O 22. Kc3 Rac8 23. Kb3 $10 {
Tomczak-Dokhoian/BL 9091/1991}) 16... Bc6 (16... b6 $2 17. a4 Qc5 18. Qxc5 bxc5
19. Rb7 $16) 17. Rb4 O-O-O 18. Rab1 Rd7 19. a4 Kb8 20. f3 Rc8 21. Ke2 Qd8 22.
Kf2 Ka8 23. Qe3 h5 24. Kg1 Qa5 25. Qd4 Qd8 26. Qe3 Rdc7 27. a5 Be8 28. c4 d4
29. Qf4 Bc6 30. c5 (30. Be4 $1 $16) 30... Qd5 31. Qxd4 Qxd4+ 32. Rxd4 Bd5 33.
c4 Bc6 34. Rd6 a6 35. Rb6 Ka7 36. Kf2 Rg8 37. f4 Rgc8 38. Rb2 Re7 39. Ke3 Rec7
40. Kd4 Re7 41. Kc3 Rec7 42. Bb1 Re7 43. Rbd2 Rec7 44. Kb4 Re7 45. Bc2 Rec7 46.
Bd1 Kb8 47. g4 hxg4 48. Bxg4 Rh8 49. Rh2 Rcc8 50. Rdd2 Rcf8 51. h5 gxh5 52.
Bxh5 Rh7 53. Bd1 Rg7 54. Rh6 f6 55. exf6 Rgf7 56. Ba4 Bxa4 57. Kxa4 Rxf6 58.
Rxf6 Rxf6 59. Rd6 Rxf4 60. Kb4 Kc7 61. Rxe6 Rf1 62. Re7+ 1/2-1/2

[Event "Zug Young Masters"]
[Site "Zug"]
[Date "2001.10.17"]
[Round "9"]
[White "Forster, Richard"]
[Black "Moor, Olivier"]
[Result "1-0"]
[WhiteElo "2462"]
[BlackElo "2357"]
[Annotator "Kortschnoj,V"]
[PlyCount "75"]
[EventDate "2001.10.09"]
[EventType "tourn"]
[EventRounds "11"]
[EventCountry "SUI"]
[EventCategory "9"]
[SourceTitle "CBM 086"]
[Source "ChessBase"]
[SourceDate "2002.02.05"]
[SourceVersion "1"]
[SourceVersionDate "2002.02.05"]
[SourceQuality "1"]

1. e4 e6 2. d4 d5 3. Nc3 Nf6 4. Bg5 Bb4 5. e5 h6 6. Bd2 Bxc3 7. bxc3 Ne4 8. Qg4
g6 {An alternative 8...Kf8 would result in a big lead of white in development.
But now the king side of black is seriously weakened.} 9. Bc1 {The most
aggressive continuation.In order to exploit black weaknesses white needs the
black-square-bishop.} c5 10. Bd3 Nxc3 11. dxc5 Qa5 {A great conosseur of this
variation Alexander Chistiakov always played here 11...Nd7 and if 12.Nf3 then
Qc7.} 12. Bd2 Qa4 13. Qf3 {Immediate exchange of queens on a4 would also lead
to some white's advantage.} Ne4 14. Bxe4 Qxe4+ {In one of the games played 20
years ago an annotator suggested the following line:} (14... dxe4 15. Qc3 Bd7
16. Ne2 Bb5 17. Ng3 Nc6 18. Qb3 Nd4 {where black is taking over the initiative.
Certainly white's play can be improved, but still 14...dxe4 deserves to be
checked by practice.}) 15. Qxe4 dxe4 16. Ne2 Na6 {A novelty.} ({A well-known
theoretical line is:} 16... Bd7 17. Rb1 Na6 18. Rxb7 Nxc5 19. Rb4 {with a
verdict - white stands better.}) 17. c6 $1 {The best.} ({After} 17. Be3 $2 Bd7
18. Rb1 O-O-O {black has a good game.}) 17... b6 {The move is too pretentious.
However bad it looks, black had to take on c6. e.g.} (17... bxc6 18. Ng3 Kf8
19. Nxe4 Kg7 {After say} 20. Be3 c5 $1 21. Nxc5 Nxc5 22. Bxc5 Bb7 {black would
recapture a pawn...}) 18. Ng3 Nb8 19. c7 Na6 20. Nxe4 Nxc7 $2 {The losing move.
After 20...Kf8 black still had chances to save the game.} 21. Bb4 $1 Kd7 22.
O-O-O+ Kc6 23. c4 $1 {Another excellent move restricting mobility of black
pieces.} Ba6 24. Rd6+ Kb7 25. Rd4 Rhd8 26. Rhd1 Rxd4 27. Rxd4 Ne8 {Black
defends the position resoursfully...} 28. Kb2 $1 {...but is still very far
from the goal.} Kc7 (28... Rc8 29. Kb3 Kb8 {with the idea Bb7 was worth trying.
}) 29. Bf8 Rd8 30. Kc3 h5 31. Ng5 $18 Rxd4 32. Kxd4 b5 33. cxb5 Bxb5 34. Nxf7
Bf1 35. g3 Bh3 36. Ke3 Kd7 37. Kf4 Nc7 38. Bc5 {Black is losing the second
pawn - after Kg5+ Nh8.} 1-0

[Event "Subotica TS03 GM"]
[Site "Subotica"]
[Date "2003.03.25"]
[Round "4"]
[White "Sedlak, Nikola"]
[Black "Delchev, Aleksander"]
[Result "0-1"]
[WhiteElo "2506"]
[BlackElo "2583"]
[Annotator "Kortschnoj,V"]
[PlyCount "48"]
[EventDate "2003.03.23"]
[EventType "tourn"]
[EventRounds "11"]
[EventCountry "YUG"]
[EventCategory "9"]
[SourceTitle "CBM 095"]
[Source "ChessBase"]
[SourceDate "2003.07.25"]
[SourceVersion "1"]
[SourceVersionDate "2003.07.25"]
[SourceQuality "1"]

1. e4 e6 2. d4 d5 3. Nc3 Nf6 4. Bg5 Bb4 5. e5 h6 6. Bd2 Bxc3 7. bxc3 Ne4 8. Qg4
g6 9. Bd3 Nxd2 10. Kxd2 c5 11. h4 c4 12. Be2 Nd7 $5 {An extremely unusual way
to treat this position. 12...Nc6 is the well-known alternative.} 13. Rh3 Qe7 {
Obviously, black is preparing a counter-action in the centre - f7-f5 exf6 Nxf6.
Another eventual threat is Qa3. So, a waiting but useful move was called for -
14.a3!?  By the way, another, so-called waiting move 14.a4 would prompt to
black an idea to change the plan: a7-a5, Nb6, Bd7, Nxa4...} 14. f4 Rg8 $1 {
Now f7-f5 is imminent. And strong.} 15. Bf3 {White makes up his mind to take
on f6. Otherwise, after} (15. Nf3 f5 16. Qg3 Qa3 {his position looks very
passive.}) 15... f5 16. exf6 Nxf6 17. Qg3 Bd7 18. Qe1 {A man-like decision
would be} (18. Re1 $5 Qa3 19. Re5 Qxa2 20. Qe1 {, giving up his queen side,
but coordinating his pieces for the assault in the centre.}) 18... O-O-O 19.
Qe5 ({A slow} 19. Rh1 {would be met by} Bc6 20. Nh3 Ne4+ {where the
centralized position of the white king would cause a real disaster.}) 19... g5
$1 ({After} 19... Bc6 20. Re1 Ne4+ 21. Bxe4 dxe4 22. Rxe4 $1 {white, having
acquired the square e5 for his knight, would have had a good game.}) 20. hxg5
hxg5 21. Rh6 {The trick was} (21. fxg5 Rxg5 $1 22. Qh2 (22. Qxg5 $2 Ne4+) 22...
e5 {with a clear advantage to black.}) 21... Rdf8 22. Re1 {Also the best.} gxf4
(22... g4 23. Bxd5 Qg7 {did not work, due to} 24. Rxf6 Qxf6 25. Bxb7+ Kxb7 26.
Rb1+ {and black would be mated.}) 23. Bxd5 $4 {A blunder! After} (23. Nh3 Ng4
24. Bxg4 Rxg4 25. Re2 Qg7 26. Qxg7 Rxg7 27. Rf2 Rg4 28. Ng1 $1 {black would
still have serious technical difficulties to convert his extra pawn into a win.
}) 23... Nxd5 24. Qxd5 exd5 {White resigned. After 25.Rxe7 Rg2+ he would have
lost a piece.} 0-1